[Event "11PCR_F"]
[Site "?"]
[Date "2002.??.??"]
[Round "?"]
[White "Boleslav, Petr"]
[Black "Vinklarek, Vlastimil"]
[Result "1-0"]
[WhiteElo "1735"]
[BlackElo "2135"]
[PlyCount "83"]
[EventDate "2002.??.??"]
[EventType "corr"]
[SourceDate "2004.??.??"]

1. e4 d5 2. exd5 Qxd5 3. Nc3 Qa5 4. d4 Nf6 5. Nf3 Bg4 6. h3 Bh5 7. g4 Bg6 8.
Ne5 Nbd7 9. Nc4 Qa6 10. Ne3 Qb6 11. g5 Ng8 12. Ned5 Qe6+ 13. Be3 O-O-O 14. Bg2
Qa6 15. a3 e6 16. Bf1 Qc6 17. Bb5 Qd6 18. Bf4 e5 19. dxe5 Qe6 20. Qd4 Kb8 21.
Nxc7 Kxc7 22. O-O-O Bc5 23. Bxd7 Bxd4 24. Bxe6 Bxc3 25. Bd7 Ne7 26. bxc3 Bh5
27. e6+ Kb6 28. Rd6+ Kc5 29. Re1 Ng6 30. Bg3 fxe6 31. Rd4 e5 32. Bxe5 Nxe5 33.
Rxe5+ Kb6 34. Re7 Bf3 35. Rxg7 Rhg8 36. Rf7 Rdf8 37. Rb4+ Ka6 38. Bb5+ Ka5 39.
Rxf8 Rxf8 40. Bd3 Rf7 41. Rb5+ Ka4 42. Rf5 1-0

[Event "11PCR_F"]
[Site "?"]
[Date "2002.??.??"]
[Round "?"]
[White "Chvojka, Jaroslav"]
[Black "Cervenka, Jan"]
[Result "1/2-1/2"]
[WhiteElo "2125"]
[BlackElo "2155"]
[PlyCount "85"]
[EventDate "2002.??.??"]
[EventType "corr"]
[SourceDate "2004.??.??"]

1. d4 d5 2. c4 e6 3. Nc3 Nf6 4. Bg5 Be7 5. e3 h6 6. Bh4 O-O 7. Nf3 b6 8. Be2
Bb7 9. O-O Nbd7 10. Rc1 c5 11. cxd5 Nxd5 12. Bxe7 Qxe7 13. Nxd5 Bxd5 14. Bc4
Bxc4 15. Rxc4 Rfd8 16. Qc2 b5 17. Rc3 c4 18. b3 Nb6 19. bxc4 Nxc4 20. Rc1 Qb7
21. Nd2 Nxd2 22. Qxd2 Rac8 23. Rxc8 Rxc8 24. Rc5 a6 25. f3 Ra8 26. Qa5 Ra7 27.
Kf2 Kh7 28. g3 Qd7 29. Qc3 f5 30. h4 Qd6 31. h5 Kg8 32. Rc6 Qd5 33. Rxa6 Rxa6
34. Qc8+ Kf7 35. Qxa6 Qc4 36. Qa7+ Kf6 37. Qa3 Kg5 38. Qb3 Qxb3 39. axb3 Kxh5
40. Ke2 g5 41. Kf2 Kg6 42. Kg2 h5 43. f4 1/2-1/2

[Event "11PCR_F"]
[Site "?"]
[Date "2002.??.??"]
[Round "?"]
[White "Batka, Josef"]
[Black "Splichal, Josef"]
[Result "0-1"]
[WhiteElo "2115"]
[BlackElo "2155"]
[PlyCount "94"]
[EventDate "2002.??.??"]
[EventType "corr"]
[SourceDate "2004.??.??"]

1. e4 c5 2. c3 Nf6 3. e5 Nd5 4. d4 cxd4 5. Nf3 Nc6 6. Bc4 Nb6 7. Bb3 d6 8. exd6
e6 9. cxd4 Bxd6 10. Nc3 Bd7 11. O-O O-O 12. Re1 Rc8 13. Ne5 Qh4 14. Re4 Qd8 15.
Qh5 Be7 16. Be3 Be8 17. Rg4 Nxe5 18. dxe5 f5 19. exf6 Bxh5 20. Rxg7+ Kh8 21.
fxe7 Kxg7 22. exd8=Q Rcxd8 23. Bxe6 Rfe8 24. Bb3 Bf7 25. Bxf7 Kxf7 26. Bxb6
axb6 27. f3 Re7 28. Ne4 Rc7 29. Ng5+ Kf6 30. Ne4+ Kf5 31. b4 Rc2 32. a4 Rd4 33.
b5 Rb4 34. h4 Rbb2 35. g3 Ke5 36. Re1 Kd4 37. f4 h5 38. f5 Rb3 39. f6 Rf3 40.
f7 Rxf7 41. Ng5 Rf5 42. Ne6+ Kc3 43. Re3+ Kb4 44. Nd4 Rc1+ 45. Kg2 Rf7 46. Ne2
Rc2 47. Re4+ Ka5 0-1

[Event "11PCR_F"]
[Site "?"]
[Date "2002.??.??"]
[Round "?"]
[White "Jakimic, Viktor"]
[Black "Valenta, Josef"]
[Result "1-0"]
[WhiteElo "2095"]
[BlackElo "2160"]
[PlyCount "55"]
[EventDate "2002.??.??"]
[EventType "corr"]
[SourceDate "2004.??.??"]

1. d4 d5 2. c4 dxc4 3. e4 b5 4. a4 c6 5. Nc3 e5 6. Be3 exd4 7. Qxd4 Qxd4 8.
Bxd4 b4 9. Nd1 Be6 10. Nf3 c5 11. Be5 Nd7 12. Ne3 c3 13. bxc3 Nxe5 14. Nxe5 a6
15. O-O-O Nf6 16. f3 g6 17. Nd5 Bxd5 18. exd5 bxc3 19. Kc2 Bg7 20. g3 Nd7 21.
Nc6 Nb8 22. f4 O-O 23. Bc4 Re8 24. Rhe1 Nd7 25. a5 Rxe1 26. Rxe1 Bf6 27. Rb1
Kf8 28. Rb7 1-0

[Event "11PCR_F"]
[Site "?"]
[Date "2002.??.??"]
[Round "?"]
[White "Slavik, Miroslav"]
[Black "Thoma, Otomar"]
[Result "1/2-1/2"]
[WhiteElo "2030"]
[BlackElo "2185"]
[PlyCount "60"]
[EventDate "2002.??.??"]
[EventType "corr"]
[SourceDate "2004.??.??"]

1. d4 Nf6 2. c4 e6 3. Nf3 b6 4. Nc3 Bb7 5. a3 d5 6. cxd5 Nxd5 7. e3 Be7 8. Bb5+
c6 9. Bd3 Nxc3 10. bxc3 c5 11. O-O Nc6 12. e4 O-O 13. Be3 cxd4 14. cxd4 Rc8 15.
Qe2 Na5 16. a4 Nc6 17. Ba6 Qd7 18. Bxb7 Qxb7 19. Rac1 Rfd8 20. Rfd1 h6 21. Qb5
Nb4 22. Rxc8 Rxc8 23. Bd2 a6 24. Qe2 Rc2 25. Qe3 Qc6 26. Qb3 Qc4 27. Qxc4 Rxc4
28. Rc1 Rxc1+ 29. Bxc1 Nd3 30. Bd2 Bd6 1/2-1/2

[Event "11PCR_F"]
[Site "?"]
[Date "2002.??.??"]
[Round "?"]
[White "Jarabinsky, Martin"]
[Black "Nedoma, Petr"]
[Result "1/2-1/2"]
[WhiteElo "2000"]
[BlackElo "2200"]
[PlyCount "57"]
[EventDate "2002.??.??"]
[EventType "corr"]
[SourceDate "2004.??.??"]

1. d4 Nf6 2. Nf3 d5 3. c4 e6 4. Nc3 Bb4 5. Bg5 dxc4 6. e4 h6 7. Bh4 g5 8. Nxg5
hxg5 9. Bxg5 Be7 10. e5 Nd5 11. Bxe7 Nxe7 12. Bxc4 Nbc6 13. h4 Nxd4 14. h5 c5
15. Qd2 Bd7 16. Ne4 Bc6 17. Nf6+ Kf8 18. O-O-O b5 19. Bd3 Bxg2 20. Rhg1 Bf3 21.
Qg5 Nec6 22. Rd2 Qa5 23. Kb1 Rd8 24. h6 b4 25. h7 b3 26. a3 c4 27. Bxc4 Qxe5
28. Qh4 Qf5+ 29. Bd3 1/2-1/2

[Event "11PCR_F"]
[Site "?"]
[Date "2002.??.??"]
[Round "?"]
[White "Pospisil, Ludvik"]
[Black "Canibal, Jaromir"]
[Result "1-0"]
[WhiteElo "2390"]
[BlackElo "2230"]
[PlyCount "77"]
[EventDate "2002.??.??"]
[EventType "corr"]
[SourceDate "2004.??.??"]

1. e4 e5 2. f4 exf4 3. Bc4 Nf6 4. Nc3 Nc6 5. Nf3 Bb4 6. Nd5 Nxe4 7. O-O O-O 8.
d4 Be7 9. Bxf4 d6 10. Qd3 Nf6 11. Ng5 g6 12. Nxe7+ Nxe7 13. Bxf7+ Rxf7 14. Qb3
d5 15. Be5 Nf5 16. Nxf7 Kxf7 17. Bxf6 Qxf6 18. Qxd5+ Kg7 19. Rae1 c6 20. Qe5
Qxe5 21. Rxe5 h5 22. Re8 b5 23. Rfe1 a5 24. Rd8 Kf7 25. Ree8 Ne7 26. c3 Rb8 27.
h4 a4 28. Kf2 Ra8 29. Rf8+ Kg7 30. a3 Rb8 31. Kg3 Rb7 32. Rxc8 Nxc8 33. Rxc8
Re7 34. Kf4 Re2 35. Rc7+ Kh6 36. Rxc6 Rxg2 37. d5 Rxb2 38. Ke5 Kg7 39. Rc7+ 1-0

[Event "11PCR_F"]
[Site "?"]
[Date "2002.??.??"]
[Round "?"]
[White "Nosek, Jaroslav"]
[Black "Doubek, Svatopluk"]
[Result "1-0"]
[WhiteElo "2285"]
[BlackElo "2270"]
[PlyCount "81"]
[EventDate "2002.??.??"]
[EventType "corr"]
[SourceDate "2004.??.??"]

1. e4 e5 2. Nf3 Nc6 3. Bb5 a6 4. Ba4 Nf6 5. O-O Be7 6. Re1 b5 7. Bb3 d6 8. c3
O-O 9. h3 Na5 10. Bc2 c5 11. d4 cxd4 12. cxd4 Bb7 13. d5 Rc8 14. Nbd2 Qc7 15.
Bb1 Nd7 16. Nf1 f5 17. exf5 Nf6 18. Ng5 Bxd5 19. Ne3 Bf7 20. Ng4 Nxg4 21. Qxg4
Bf6 22. Ne4 Kh8 23. Nxf6 gxf6 24. Qh4 Qd8 25. b3 Rg8 26. Rd1 d5 27. f4 Nc6 28.
Bb2 Qd6 29. Be4 Ne7 30. Kh1 Nc6 31. Rac1 Kg7 32. Rd3 exf4 33. Qg5+ Kf8 34. Qh6+
Ke8 35. Bf3 Kd8 36. Bxf6+ Kd7 37. Qxh7 Qxf6 38. Bxd5 Ke7 39. Bxf7 Rg7 40. Re1+
Ne5 41. Qh5 1-0

[Event "11PCR_F"]
[Site "?"]
[Date "2002.??.??"]
[Round "?"]
[White "Doubek, Svatopluk"]
[Black "Boleslav, Petr"]
[Result "0-1"]
[WhiteElo "2270"]
[BlackElo "1735"]
[PlyCount "102"]
[EventDate "2002.??.??"]
[EventType "corr"]
[SourceDate "2004.??.??"]

1. d4 Nf6 2. c4 e6 3. Nc3 Bb4 4. e3 c5 5. Nge2 b6 6. Bd2 Bb7 7. a3 Bxc3 8. Bxc3
Ne4 9. dxc5 Qh4 10. Ng3 Nxc3 11. bxc3 bxc5 12. Qd6 Qe7 13. Qxe7+ Kxe7 14. Rb1
Bc6 15. e4 d6 16. Bd3 Nd7 17. Ke2 Rab8 18. Rhd1 g5 19. Nf1 Rb6 20. Nd2 Ra6 21.
Ra1 Rb8 22. f3 Rb2 23. h4 h6 24. hxg5 hxg5 25. Ke3 Rab6 26. Rh1 Rb8 27. g3 Ne5
28. Rab1 Rxb1 29. Bxb1 Rb2 30. Rc1 a5 31. f4 Ng6 32. fxg5 Ba4 33. Nf3 Rb3 34.
e5 Nxe5 35. Nxe5 dxe5 36. g4 Be8 37. a4 Bxa4 38. g6 fxg6 39. Bxg6 Kf6 40. Bd3
Be8 41. Rf1+ Kg7 42. Kd2 Rb2+ 43. Ke3 a4 44. Rh1 a3 45. g5 Bg6 46. Bxg6 Kxg6
47. Ra1 a2 48. Ke4 Kxg5 49. Kxe5 Re2+ 50. Kd6 Kf5 51. Kxc5 Rd2 0-1

[Event "11PCR_F"]
[Site "?"]
[Date "2002.??.??"]
[Round "?"]
[White "Canibal, Jaromir"]
[Black "Nosek, Jaroslav"]
[Result "1/2-1/2"]
[WhiteElo "2230"]
[BlackElo "2285"]
[PlyCount "46"]
[EventDate "2002.??.??"]
[EventType "corr"]
[SourceDate "2004.??.??"]

1. e4 e6 2. d4 d5 3. Nd2 c5 4. exd5 exd5 5. Ngf3 Nc6 6. Bb5 cxd4 7. Nxd4 Bd7 8.
N2f3 Nf6 9. O-O Be7 10. c3 O-O 11. Bd3 Nxd4 12. Nxd4 Qc7 13. h3 Rfe8 14. Be3
Bd6 15. Qf3 Ne4 16. Rfe1 Re7 17. Rac1 Rae8 18. Re2 a6 19. Rce1 b5 20. Nf5 Bxf5
21. Qxf5 Bh2+ 22. Kh1 Be5 23. Qf3 g6 1/2-1/2

[Event "11PCR_F"]
[Site "?"]
[Date "2002.??.??"]
[Round "?"]
[White "Nedoma, Petr"]
[Black "Pospisil, Ludvik"]
[Result "1-0"]
[WhiteElo "2200"]
[BlackElo "2390"]
[PlyCount "91"]
[EventDate "2002.??.??"]
[EventType "corr"]
[SourceDate "2004.??.??"]

1. e4 e5 2. Nf3 d6 3. d4 exd4 4. Qxd4 a6 5. Bf4 Nc6 6. Qd2 Nf6 7. Nc3 Be7 8.
O-O-O Be6 9. h3 b5 10. Qe3 O-O 11. g4 Re8 12. g5 Nd7 13. h4 Nb6 14. h5 Bg4 15.
g6 fxg6 16. hxg6 hxg6 17. Nd5 Nxd5 18. Rxd5 Bf6 19. Ng5 Qe7 20. Bg2 Ne5 21. Qg3
Rf8 22. Rxe5 Bxe5 23. Qb3+ Rf7 24. Bd2 Raf8 25. f4 Bf6 26. Nxf7 Be6 27. Qg3
Qxf7 28. e5 Bd8 29. Qh2 Qf5 30. Qh7+ Kf7 31. Bh3 Qe4 32. Bxe6+ Kxe6 33. Rg1
dxe5 34. Rxg6+ Kd5 35. Qxg7 Qf5 36. Rxa6 c6 37. b3 exf4 38. c4+ bxc4 39. bxc4+
Ke4 40. Rxc6 Kf3 41. Rh6 Re8 42. Qg1 Bf6 43. Qh1+ Kg3 44. Qh2+ Kf3 45. Rh3+ Ke4
46. Ra3 1-0

[Event "11PCR_F"]
[Site "?"]
[Date "2002.??.??"]
[Round "?"]
[White "Thoma, Otomar"]
[Black "Jarabinsky, Martin"]
[Result "1/2-1/2"]
[WhiteElo "2185"]
[BlackElo "2000"]
[PlyCount "49"]
[EventDate "2002.??.??"]
[EventType "corr"]
[SourceDate "2004.??.??"]

1. e4 c5 2. c3 e6 3. d4 d5 4. e5 Qb6 5. Nf3 Nc6 6. a3 c4 7. Nbd2 f6 8. Be2 fxe5
9. Nxe5 Nxe5 10. dxe5 Qc7 11. Nf3 Bc5 12. O-O Ne7 13. b4 cxb3 14. Qxb3 O-O 15.
c4 d4 16. Bb2 Nc6 17. Rad1 b6 18. Nxd4 Nxd4 19. Bxd4 Bxd4 20. Rxd4 Qxe5 21. Qd3
Bb7 22. Qe3 Qxe3 23. fxe3 Rxf1+ 24. Bxf1 Rf8 25. Bd3 1/2-1/2

[Event "11PCR_F"]
[Site "?"]
[Date "2002.??.??"]
[Round "?"]
[White "Valenta, Josef"]
[Black "Slavik, Miroslav"]
[Result "1/2-1/2"]
[WhiteElo "2160"]
[BlackElo "2030"]
[PlyCount "101"]
[EventDate "2002.??.??"]
[EventType "corr"]
[SourceDate "2004.??.??"]

1. d4 Nf6 2. c4 e6 3. Nc3 d5 4. cxd5 exd5 5. Bg5 c6 6. Nf3 Be7 7. Rc1 h6 8. Bh4
O-O 9. e3 Bf5 10. Qb3 Qb6 11. Nd2 Nbd7 12. Be2 Qxb3 13. Nxb3 a5 14. O-O a4 15.
Nd2 a3 16. b3 Rfe8 17. Rfe1 Bb4 18. h3 Re6 19. Red1 Rae8 20. Nf1 Bg6 21. Bg3
Bh5 22. Bxh5 Nxh5 23. Bh2 Nhf6 24. Ne2 Nh5 25. Rc2 Kh7 26. Rb1 Nb8 27. Nc1 Na6
28. Be5 Be7 29. Nd3 Nb4 30. Nxb4 Bxb4 31. Rbc1 Nf6 32. Nd2 Nd7 33. Bc7 f5 34.
Nf3 g5 35. Kf1 Kg6 36. Bg3 Kf7 37. Ne5+ Nxe5 38. Bxe5 h5 39. Re2 h4 40. Rec2 g4
41. hxg4 fxg4 42. Ke2 Rh6 43. Rh1 Ke6 44. Rh2 Be7 45. Rc1 Rh7 46. Rch1 Rf8 47.
Bf4 Rh5 48. Rc1 Bf6 49. Kd3 Rf7 50. Rch1 Rd7 51. e4 1/2-1/2

[Event "11PCR_F"]
[Site "?"]
[Date "2002.??.??"]
[Round "?"]
[White "Splichal, Josef"]
[Black "Jakimic, Viktor"]
[Result "1/2-1/2"]
[WhiteElo "2155"]
[BlackElo "2095"]
[PlyCount "62"]
[EventDate "2002.??.??"]
[EventType "corr"]
[SourceDate "2004.??.??"]

1. e4 c5 2. Nf3 Nc6 3. d4 cxd4 4. Nxd4 g6 5. Bc4 Bg7 6. Nxc6 bxc6 7. O-O d6 8.
Nc3 Bd7 9. Be3 Nf6 10. f3 O-O 11. Qd3 Qc7 12. Rad1 Rfd8 13. Bb3 a5 14. Qd2 c5
15. Bc4 Rdb8 16. b3 a4 17. Rfe1 axb3 18. cxb3 Qa5 19. e5 dxe5 20. a4 Bc6 21.
Qc2 e6 22. Bf2 Ne8 23. Ne4 Bxe4 24. Rxe4 Qc7 25. Bd3 Nd6 26. Re2 Rc8 27. Ree1
Nf5 28. Bxf5 gxf5 29. Qc4 Rab8 30. Rc1 Bf8 31. Bg3 Bd6 1/2-1/2

[Event "11PCR_F"]
[Site "?"]
[Date "2002.??.??"]
[Round "?"]
[White "Cervenka, Jan"]
[Black "Batka, Josef"]
[Result "0-1"]
[WhiteElo "2155"]
[BlackElo "2115"]
[PlyCount "68"]
[EventDate "2002.??.??"]
[EventType "corr"]
[SourceDate "2004.??.??"]

1. e4 c5 2. Nf3 Nc6 3. d4 cxd4 4. Nxd4 e5 5. Nb5 d6 6. g3 Be7 7. Bg2 Nf6 8. O-O
Bg4 9. Qd3 a6 10. N5c3 Nb4 11. Qd2 Rc8 12. a3 Nc6 13. Qd3 Nd4 14. Be3 Qb6 15.
f3 Be6 16. b3 d5 17. exd5 Nxd5 18. Nxd5 Bxd5 19. Nc3 Bc6 20. Rfe1 Rd8 21. Bf2
Qc7 22. Bxd4 Rxd4 23. Qe3 O-O 24. b4 Rfd8 25. Bf1 Bf6 26. Rab1 e4 27. fxe4 Rxe4
28. Nxe4 Bd4 29. Nf2 Bxe3 30. Rxe3 Re8 31. Rxe8+ Bxe8 32. Re1 Kf8 33. c4 Qd6
34. Bg2 Qd4 0-1

[Event "11PCR_F"]
[Site "?"]
[Date "2002.??.??"]
[Round "?"]
[White "Vinklarek, Vlastimil"]
[Black "Chvojka, Jaroslav"]
[Result "0-1"]
[WhiteElo "2135"]
[BlackElo "2125"]
[PlyCount "62"]
[EventDate "2002.??.??"]
[EventType "corr"]
[SourceDate "2004.??.??"]

1. e4 e5 2. Nf3 Nc6 3. d4 exd4 4. Nxd4 Qh4 5. Qd3 Nf6 6. Nxc6 dxc6 7. Nd2 Be6
8. g3 Qh5 9. Be2 Qc5 10. c3 Rd8 11. Qc2 Ng4 12. Bxg4 Bxg4 13. O-O Qh5 14. b4
Bh3 15. f4 Bxf1 16. Nxf1 Be7 17. Be3 a5 18. Rb1 axb4 19. cxb4 O-O 20. b5 c5 21.
a4 b6 22. Bf2 Qf3 23. Re1 Qd3 24. Qa2 Rfe8 25. e5 Ra8 26. Ne3 Red8 27. Rc1 Rd4
28. Nc4 Re4 29. Nb2 Qf3 30. Rf1 Re2 31. Rb1 c4 0-1

[Event "11PCR_F"]
[Site "?"]
[Date "2002.??.??"]
[Round "?"]
[White "Boleslav, Petr"]
[Black "Chvojka, Jaroslav"]
[Result "1-0"]
[WhiteElo "1735"]
[BlackElo "2125"]
[PlyCount "97"]
[EventDate "2002.??.??"]
[EventType "corr"]
[SourceDate "2004.??.??"]

1. e4 e5 2. Nf3 Nc6 3. Bb5 a6 4. Ba4 Nf6 5. O-O Be7 6. Re1 b5 7. Bb3 d6 8. c3
O-O 9. d4 Bg4 10. d5 Na5 11. Bc2 c5 12. dxc6 Nxc6 13. Nbd2 b4 14. cxb4 Nxb4 15.
Bb1 Qc7 16. h3 Be6 17. a3 Nc6 18. b4 a5 19. b5 Nd8 20. a4 Nb7 21. Ba2 Nd7 22.
Ba3 Qd8 23. Nc4 Ndc5 24. Qc2 Nd7 25. Red1 Qc7 26. Rac1 Rac8 27. Qd2 Bxc4 28.
Bxc4 Nbc5 29. Bd5 Nb6 30. Bxc5 dxc5 31. Qa2 c4 32. Bxc4 Nxc4 33. Rc3 Bc5 34.
Rdc1 Nb6 35. Rxc5 Qxc5 36. Rxc5 Rxc5 37. Qd2 Nc4 38. Qc3 Rd8 39. Kh2 f6 40. Nh4
g6 41. f4 Rd1 42. Qb3 Rd8 43. fxe5 fxe5 44. Nf3 Kg7 45. b6 h6 46. Qc3 Kh7 47.
Nxe5 Re8 48. Nd7 Rd8 49. Nf6+ 1-0

[Event "11PCR_F"]
[Site "?"]
[Date "2002.??.??"]
[Round "?"]
[White "Batka, Josef"]
[Black "Vinklarek, Vlastimil"]
[Result "1-0"]
[WhiteElo "2115"]
[BlackElo "2135"]
[PlyCount "121"]
[EventDate "2002.??.??"]
[EventType "corr"]
[SourceDate "2004.??.??"]

1. e4 c6 2. c4 d5 3. exd5 cxd5 4. cxd5 Nf6 5. Qa4+ Nbd7 6. Nc3 g6 7. Nf3 Bg7 8.
Qb3 O-O 9. Bc4 a6 10. a4 Qa5 11. Ra3 Nb6 12. O-O Nxc4 13. Qxc4 Bg4 14. Ne5 Rac8
15. Qb3 Qc7 16. d4 Bf5 17. Re1 Rfe8 18. h3 b6 19. Bf4 Qb7 20. Raa1 Rcd8 21. Nc6
Ra8 22. a5 b5 23. Na4 Be4 24. Nb6 e6 25. Rxe4 Nxe4 26. Nxa8 Rxa8 27. Rc1 exd5
28. Qxd5 Re8 29. Re1 Nd6 30. Re3 Rxe3 31. fxe3 Ne8 32. e4 h6 33. e5 Kh7 34. Bd2
Bh8 35. Nb4 Qxd5 36. Nxd5 Bg7 37. Bc3 f6 38. e6 Bf8 39. Bb4 Kg8 40. e7 Bg7 41.
Nf4 g5 42. Ne6 f5 43. Bc5 g4 44. hxg4 fxg4 45. Kf2 Kf7 46. Nd8+ Kg6 47. Nc6 Kf7
48. Kg3 h5 49. Kf4 Nf6 50. Kf5 h4 51. Ne5+ Ke8 52. Nxg4 Nd5 53. Kg6 Bh8 54. Kh7
Bf6 55. Nxf6+ Nxf6+ 56. Kg6 Nd5 57. Kg5 Ne3 58. Kxh4 Nxg2+ 59. Kg5 Ne1 60. b4
Nd3 61. d5 1-0

[Event "11PCR_F"]
[Site "?"]
[Date "2002.??.??"]
[Round "?"]
[White "Jakimic, Viktor"]
[Black "Cervenka, Jan"]
[Result "1/2-1/2"]
[WhiteElo "2095"]
[BlackElo "2155"]
[PlyCount "57"]
[EventDate "2002.??.??"]
[EventType "corr"]
[SourceDate "2004.??.??"]

1. d4 d5 2. c4 e6 3. Nc3 Nf6 4. e3 c6 5. Nf3 Nbd7 6. Bd3 dxc4 7. Bxc4 b5 8. Bd3
Bb7 9. a3 b4 10. Ne4 Nxe4 11. Bxe4 bxa3 12. bxa3 Bd6 13. Bb2 O-O 14. O-O Rb8
15. Qc2 c5 16. Bxb7 Rxb7 17. dxc5 Bxc5 18. Bd4 Rc7 19. Rfc1 Bxd4 20. Qxc7 Bxa1
21. Qxd8 Rxd8 22. Rxa1 Nb6 23. Kf1 Kf8 24. Ke2 Rc8 25. Ra2 Na4 26. Rd2 Nc3+ 27.
Kd3 Nb1 28. Ra2 Rc3+ 29. Kd4 1/2-1/2

[Event "11PCR_F"]
[Site "?"]
[Date "2002.??.??"]
[Round "?"]
[White "Slavik, Miroslav"]
[Black "Splichal, Josef"]
[Result "0-1"]
[WhiteElo "2030"]
[BlackElo "2155"]
[PlyCount "74"]
[EventDate "2002.??.??"]
[EventType "corr"]
[SourceDate "2004.??.??"]

1. d4 Nf6 2. c4 c5 3. d5 e6 4. Nc3 exd5 5. cxd5 d6 6. e4 g6 7. Nf3 Bg7 8. Nd2
a6 9. a4 O-O 10. Nc4 Nbd7 11. Nxd6 Qe7 12. Nxc8 Raxc8 13. f3 Ne8 14. Bf4 Bd4
15. Qb3 Nd6 16. Rd1 Ne5 17. Bg3 Nf5 18. Rd2 c4 19. Qc2 Ne3 20. Qb1 Qc5 21. h4
Rfe8 22. h5 g5 23. Rh3 g4 24. fxg4 N5xg4 25. d6 Rcd8 26. Bf4 Nf5 27. Qc2 Nxd6
28. Rg3 f5 29. Kd1 Kh8 30. Bg5 Rd7 31. Kc1 Rg7 32. Bf4 Nxe4 33. Re2 Ngf2 34.
Nxe4 fxe4 35. Rxf2 Bxf2 36. Rxg7 Kxg7 37. h6+ Kf6 0-1

[Event "11PCR_F"]
[Site "?"]
[Date "2002.??.??"]
[Round "?"]
[White "Jarabinsky, Martin"]
[Black "Valenta, Josef"]
[Result "1/2-1/2"]
[WhiteElo "2000"]
[BlackElo "2160"]
[PlyCount "39"]
[EventDate "2002.??.??"]
[EventType "corr"]
[SourceDate "2004.??.??"]

1. d4 Nf6 2. c4 e6 3. Nc3 Bb4 4. Nf3 c5 5. g3 b6 6. Bg2 Bb7 7. O-O Bxc3 8. bxc3
d6 9. dxc5 dxc5 10. Qxd8+ Kxd8 11. Rd1+ Ke7 12. Bf4 Nc6 13. Bd6+ Ke8 14. Ne5
Na5 15. Bxb7 Nxb7 16. Nc6 Kd7 17. Ne5+ Ke8 18. Nc6 Kd7 19. Ne5+ Ke8 20. Nc6
1/2-1/2

[Event "11PCR_F"]
[Site "?"]
[Date "2002.??.??"]
[Round "?"]
[White "Pospisil, Ludvik"]
[Black "Thoma, Otomar"]
[Result "1-0"]
[WhiteElo "2390"]
[BlackElo "2185"]
[PlyCount "97"]
[EventDate "2002.??.??"]
[EventType "corr"]
[SourceDate "2004.??.??"]

1. e4 e5 2. f4 exf4 3. Bc4 Nf6 4. Nc3 c6 5. Bb3 d5 6. exd5 cxd5 7. d4 Bd6 8.
Nge2 O-O 9. O-O g5 10. g3 Bh3 11. Rf2 Kh8 12. Qd3 Qc8 13. gxf4 Bf5 14. Qd1 gxf4
15. Bxf4 Rg8+ 16. Ng3 Bxf4 17. Rxf4 Ne4 18. Bxd5 Nxg3 19. Kf2 Rg4 20. hxg3
Rxf4+ 21. gxf4 Nc6 22. Qd2 Qd7 23. Rc1 Rg8 24. a3 Qe7 25. Rh1 Rd8 26. Bxc6 bxc6
27. b4 a5 28. bxa5 Qxa3 29. Qe3 Qxa5 30. Rh5 Kg7 31. Rg5+ Kf8 32. d5 Rxd5 33.
Nxd5 Qxd5 34. Qc3 Ke7 35. Rg8 h6 36. Ra8 Qe4 37. Ra7+ Ke6 38. Kg3 h5 39. Qb3+
Qd5 40. Ra5 Qxb3+ 41. cxb3 Bg4 42. b4 f5 43. Rc5 Kd6 44. Kh4 Kd7 45. Kg5 Kd6
46. Rxf5 Bxf5 47. Kxf5 Kd5 48. Kg5 Ke4 49. b5 1-0

[Event "11PCR_F"]
[Site "?"]
[Date "2002.??.??"]
[Round "?"]
[White "Nosek, Jaroslav"]
[Black "Nedoma, Petr"]
[Result "1/2-1/2"]
[WhiteElo "2285"]
[BlackElo "2200"]
[PlyCount "111"]
[EventDate "2002.??.??"]
[EventType "corr"]
[SourceDate "2004.??.??"]

1. e4 e5 2. Nf3 Nc6 3. Bb5 a6 4. Ba4 Nf6 5. O-O b5 6. Bb3 Bb7 7. c3 Nxe4 8. d4
Na5 9. Bc2 exd4 10. Nxd4 d5 11. f3 Nd6 12. Re1+ Kd7 13. a4 Qf6 14. axb5 axb5
15. Na3 Nac4 16. b3 Nxa3 17. Bxa3 g6 18. Bb4 Rxa1 19. Qxa1 Bg7 20. Bd3 c6 21.
Bc5 Ra8 22. Qc1 Re8 23. Rd1 Qh4 24. Ne2 Bh6 25. Qa3 Be3+ 26. Bxe3 Rxe3 27. Qc1
Re8 28. c4 bxc4 29. bxc4 c5 30. Ng3 d4 31. Qa3 Qg5 32. Rb1 h5 33. Kh1 h4 34.
Ne4 Bxe4 35. Bxe4 h3 36. gxh3 Nxe4 37. Qa7+ Ke6 38. fxe4 Rd8 39. Rf1 Qe7 40.
Qb6+ Qd6 41. Qb7 Rd7 42. Qc8 Qc7 43. Qa6+ Rd6 44. Qa8 Qc6 45. Qf8 Qxe4+ 46. Kg1
Qe3+ 47. Kh1 Rd7 48. Qc8 Qe4+ 49. Kg1 Ke7 50. Qxc5+ Ke8 51. Qb4 Rb7 52. Re1
Rxb4 53. Rxe4+ Kd7 54. Rxd4+ Ke6 55. Kf2 Rb2+ 56. Kg3 1/2-1/2

[Event "11PCR_F"]
[Site "?"]
[Date "2002.??.??"]
[Round "?"]
[White "Doubek, Svatopluk"]
[Black "Canibal, Jaromir"]
[Result "1/2-1/2"]
[WhiteElo "2270"]
[BlackElo "2230"]
[PlyCount "34"]
[EventDate "2002.??.??"]
[EventType "corr"]
[SourceDate "2004.??.??"]

1. d4 Nf6 2. c4 g6 3. Nc3 Bg7 4. e4 d6 5. Nf3 O-O 6. Be2 e5 7. O-O Nc6 8. d5
Ne7 9. b4 Nh5 10. g3 f5 11. Ng5 h6 12. Bxh5 hxg5 13. Be2 f4 14. c5 a5 15. Qb3
axb4 16. cxd6 cxd6 17. Qxb4 Bh3 1/2-1/2

[Event "11PCR_F"]
[Site "?"]
[Date "2002.??.??"]
[Round "?"]
[White "Canibal, Jaromir"]
[Black "Boleslav, Petr"]
[Result "1-0"]
[WhiteElo "2230"]
[BlackElo "1735"]
[PlyCount "89"]
[EventDate "2002.??.??"]
[EventType "corr"]
[SourceDate "2004.??.??"]

1. e4 c5 2. c3 d5 3. exd5 Qxd5 4. d4 e6 5. Na3 Bd7 6. Nb5 Na6 7. Be3 c4 8. a4
Nf6 9. Qe2 Bxb5 10. axb5 Qxb5 11. Qxc4 Qxc4 12. Bxc4 Nc7 13. Bf4 Nfd5 14. Bg3
a6 15. Nf3 Rd8 16. Bd3 Bd6 17. Bxd6 Rxd6 18. O-O Nf6 19. Rfe1 Ncd5 20. g3 Ke7
21. Ne5 g5 22. Kg2 Rc8 23. h3 Rcd8 24. Be2 h6 25. Bf3 Kf8 26. Red1 Rb6 27. Rd2
h5 28. Ra5 Kg7 29. Rc5 Rbd6 30. c4 b6 31. Rc6 Nb4 32. Rc7 Nd7 33. Nxd7 R8xd7
34. Rxd7 Rxd7 35. Bxh5 b5 36. c5 e5 37. d5 Rxd5 38. Rxd5 Nxd5 39. Bf3 Nc7 40.
b4 f5 41. Bb7 e4 42. Kf1 Kf6 43. Ke2 Ke5 44. h4 gxh4 45. gxh4 1-0

[Event "11PCR_F"]
[Site "?"]
[Date "2002.??.??"]
[Round "?"]
[White "Nedoma, Petr"]
[Black "Doubek, Svatopluk"]
[Result "1-0"]
[WhiteElo "2200"]
[BlackElo "2270"]
[PlyCount "59"]
[EventDate "2002.??.??"]
[EventType "corr"]
[SourceDate "2004.??.??"]

1. e4 e5 2. Nf3 Nc6 3. Bb5 a6 4. Ba4 Nf6 5. O-O Be7 6. Re1 b5 7. Bb3 d6 8. c3
O-O 9. d4 Bg4 10. d5 Na5 11. Bc2 c6 12. dxc6 Qc7 13. h3 Be6 14. Ng5 Bc8 15. Bd3
h6 16. Nf3 Be6 17. Qe2 Qxc6 18. b3 Rac8 19. Bb2 Rfd8 20. Nbd2 Nh5 21. Qe3 Nf4
22. Bf1 f6 23. Nd4 exd4 24. cxd4 f5 25. Rac1 Qb6 26. exf5 Bg5 27. h4 Bxh4 28.
fxe6 Rxc1 29. Bxc1 Bg5 30. Qg3 1-0

[Event "11PCR_F"]
[Site "?"]
[Date "2002.??.??"]
[Round "?"]
[White "Thoma, Otomar"]
[Black "Nosek, Jaroslav"]
[Result "1-0"]
[WhiteElo "2185"]
[BlackElo "2285"]
[PlyCount "109"]
[EventDate "2002.??.??"]
[EventType "corr"]
[SourceDate "2004.??.??"]

1. e4 e6 2. d4 d5 3. Nc3 Bb4 4. e5 c5 5. a3 Ba5 6. b4 cxd4 7. Nb5 Bc7 8. f4 Bd7
9. Nf3 Bxb5 10. Bxb5+ Nd7 11. O-O Ne7 12. Nxd4 O-O 13. Be3 Rc8 14. Bd3 Bb6 15.
Qh5 Ng6 16. Rf3 Re8 17. Raf1 Ndf8 18. Rh3 Qc7 19. Kh1 a6 20. g4 Ba7 21. f5 exf5
22. gxf5 Rxe5 23. Qg4 Qd7 24. Bg1 Rce8 25. Qg3 Bb8 26. fxg6 hxg6 27. Qg2 Re1
28. b5 Rxf1 29. Qxf1 a5 30. a4 Be5 31. Nb3 Ne6 32. Bb6 Bc7 33. Bxc7 Qxc7 34.
Re3 Rf8 35. Qf3 d4 36. Re2 b6 37. Qc6 Qf4 38. Rg2 Qe3 39. Qxb6 Nf4 40. Rg3 Qe1+
41. Rg1 Qe3 42. Qc6 Nh3 43. Rf1 Nf2+ 44. Kg2 Nxd3 45. cxd3 Qxd3 46. Qd5 Qe2+
47. Kg1 d3 48. Nxa5 Qe3+ 49. Kh1 Qe2 50. Qg2 Rd8 51. Nb3 Qe6 52. Nd2 Qa2 53. b6
Qxa4 54. b7 Rb8 55. Qd5 1-0